Statistics for Biggest Cities in Iraq

Click here to take the quiz!

General Stats

  • This quiz has been taken 35 times
  • The average score is 4 of 14

Answer Stats

Population City % Correct
6,719,500Baghdad
96%
1,340,800Basra
80%
1,361,800Mosul
72%
879,000Erbil
52%
972,300Kirkuk
36%
711,500Karbala
20%
389,400Kut
20%
747,300Najaf
16%
676,500Sulaymaniyah
16%
558,400Nasiriyah
4%
527,500Amarah
4%
455,700Hillah
4%
403,800Diwaniya
4%
340,900Dohuk
4%

Score Distribution

Percentile by Number Answered

Percent of People with Each Score

Your Score History

You have not taken this quiz